[Event "DFMMLV 2019"]
[Site "Braunfels"]
[Date "2019.06.22"]
[Round "4.29"]
[White "Dietrich, Mareike"]
[Black "Boettger, Sina Fleur"]
[Result "1/2-1/2"]
[WhiteElo "1706"]
[BlackElo "1744"]
[Annotator "NA"]
[PlyCount "82"]
[EventDate "2019.06.20"]
[EventType "team-tourn"]
[EventCountry "GER"]
[SourceTitle "playchess.com"]
[Source "ChessBase"]
[SourceQuality "1"]
[WhiteTeam "Thueringen"]
[BlackTeam "Baden"]
[TimeControl "40/5400+30:1800+30"]

1. e4 {[%emt 0:00:00]} c5 {[%emt 0:00:00]} 2. Nf3 {[%emt 0:00:00]} Nc6 {[%emt 0:00:00]} 3. d4 {[%emt 0:00:00]} cxd4 {[%emt 0:00:00]} 4. Nxd4 {[%emt 0:00:00]} g6 {[%emt 0:00:00]} 5. c4 {[%emt 0:00:00]} Bg7 {[%emt 0:00:00]} 6. Be3 {[%emt 0:00:00]} d6 {[%emt 0:00:31]} 7. Be2 {[%emt 0:00:48]} Nf6 {[%emt 0:00:05]} 8. Nc3 {[%emt 0:00:02]} O-O {[%emt 0:00:18]} 9. O-O {[%emt 0:00:04]} Bd7 {[%emt 0:02:16]} 10. f3 {[%emt 0:01:13]} Nxd4 {[%emt 0:09:13]} 11. Bxd4 {[%emt 0:00:05]} Nh5 {[%emt 0:00:28]} 12. Bxg7 {[%emt 0:06:02]} Kxg7 {[%emt 0:00:08]} 13. Qd2 {[%emt 0:00:06]} Nf6 {[%emt 0:02:43]} 14. Kh1 {[%emt 0:02:46]} Bc6 {[%emt 0:15:07]} 15. b4 {[%emt 0:01:47]} b6 {[%emt 0:01:11]} 16. Rfd1 {[%emt 0:02:55]} Rc8 {[%emt 0:03:01]} 17. Qd4 {[%emt 0:12:52]} Re8 {[%emt 0:18:59]} 18. Rac1 {[%emt 0:04:24]} Bb7 {[%emt 0:06:22]} 19. Nd5 {[%emt 0:04:08]} e5 {[%emt 0:09:26]} 20. Qd2 {[%emt 0:02:07]} Nxd5 {[%emt 0:01:15]} 21. cxd5 {[%emt 0:02:48]} Re7 {[%emt 0:03:51]} 22. Qg5 {[%emt 0:10:40]} f6 {[%emt 0:00:30]} 23. Qd2 {[%emt 0:01:00]} Rec7 {[%emt 0:00:16]} 24. Bb5 {[%emt 0:02:00]} a6 {[%emt 0:12:03]} 25. Bd3 {[%emt 0:02:02]} Rxc1 {[%emt 0:00:16]} 26. Rxc1 {[%emt 0:00:01]} Rc7 {[%emt 0:00:35]} 27. Rxc7+ {[%emt 0:01:10]} Qxc7 {[%emt 0:00:01]} 28. Qc2 {[%emt 0:00:07]} Qxc2 {[%emt 0:01:11]} 29. Bxc2 {[%emt 0:00:04]} Kf7 {[%emt 0:02:31]} 30. Kg1 {[%emt 0:00:44]} Bc8 {[%emt 0:00:34]} 31. Kf2 {[%emt 0:05:44]} f5 {[%emt 0:04:21]} 32. g3 {[%emt 0:01:06]} Kf6 {[%emt 0:00:53]} 33. Ke3 {[%emt 0:01:11]} fxe4 {[%emt 0:01:08]} 34. fxe4 {[%emt 0:03:54]} Kg5 {[%emt 0:00:48]} 35. Bd1 {[%emt 0:04:54]} Bg4 {[%emt 0:02:03]} 36. Bc2 {[%emt 0:02:13]} Bh3 {[%emt 0:00:44]} 37. Bd3 {[%emt 0:00:36]} b5 {[%emt 0:00:40]} 38. Be2 {[%emt 0:05:50]} h6 {[%emt 0:01:27]} 39. Kf2 {[%emt 0:04:12]} h5 {[%emt 0:02:10]} 40. Ke3 {[%emt 0:01:10]} h4 {[%emt 0:01:03]} 41. Kf2 {[%emt 0:32:25]} Bd7 {[%emt 0:04:11]} 1/2-1/2

[Event "DFMMLV 2019"]
[Site "Braunfels"]
[Date "2019.06.22"]
[Round "4.30"]
[White "Grining, Maria"]
[Black "Schulz, Theresa Charlotte"]
[Result "1-0"]
[WhiteElo "1709"]
[BlackElo "1603"]
[Annotator "NA"]
[PlyCount "43"]
[EventDate "2019.06.20"]
[EventType "team-tourn"]
[EventCountry "GER"]
[SourceTitle "playchess.com"]
[Source "ChessBase"]
[SourceQuality "1"]
[WhiteTeam "Baden"]
[BlackTeam "Thueringen"]
[TimeControl "40/5400+30:1800+30"]

1. d4 {[%emt 0:00:00]} f5 {[%emt 0:00:00]} 2. Nf3 {[%emt 0:00:10]} Nf6 {[%emt 0:00:00]} 3. Bg5 {[%emt 0:00:15]} Ne4 {[%emt 0:00:22]} 4. Bf4 {[%emt 0:01:34]} g6 {[%emt 0:01:15]} 5. Be5 {[%emt 0:00:34]} Nf6 {[%emt 0:00:32]} 6. Bxf6 {[%emt 0:00:20]} exf6 {[%emt 0:00:06]} 7. e3 {[%emt 0:01:10]} b6 {[%emt 0:02:13]} 8. Bc4 {[%emt 0:01:31]} Ba6 {[%emt 0:00:58]} 9. Qe2 {[%emt 0:01:48]} Bxc4 {[%emt 0:01:48]} 10. Qxc4 {[%emt 0:00:05]} Nc6 {[%emt 0:01:30]} 11. Nc3 {[%emt 0:02:41]} Na5 {[%emt 0:07:05]} 12. Qd3 {[%emt 0:06:41]} Nb7 {[%emt 0:01:21]} 13. O-O {[%emt 0:03:21]} c6 {[%emt 0:04:33]} 14. e4 {[%emt 0:08:25]} f4 {[%emt 0:05:09]} 15. e5 {[%emt 0:08:03]} f5 {[%emt 0:07:26]} 16. d5 {[%emt 0:05:02]} Qe7 {[%emt 0:03:40]} 17. dxc6 {[%emt 0:02:38]} dxc6 {[%emt 0:02:52]} 18. Qc4 {[%emt 0:00:46]} Qc7 {[%emt 0:07:32]} 19. Nd5 {[%emt 0:05:18]} Qc8 {[%emt 0:07:51]} 20. Nf6+ {[%emt 0:00:23]} Ke7 {[%emt 0:00:22]} 21. Ng5 {[%emt 0:01:42]} Nd8 {[%emt 0:01:37]} 22. Rad1 {[%emt 0:00:32]} 1-0

[Event "DFMMLV 2019"]
[Site "Braunfels"]
[Date "2019.06.22"]
[Round "4.31"]
[White "Neumann, Tina"]
[Black "Doll, Rebecca"]
[Result "1-0"]
[WhiteElo "1525"]
[BlackElo "1678"]
[Annotator "NA"]
[PlyCount "65"]
[EventDate "2019.06.20"]
[EventType "team-tourn"]
[EventCountry "GER"]
[SourceTitle "playchess.com"]
[Source "ChessBase"]
[SourceQuality "1"]
[WhiteTeam "Thueringen"]
[BlackTeam "Baden"]
[TimeControl "40/5400+30:1800+30"]

1. e4 {[%emt 0:00:00]} e5 {[%emt 0:00:00]} 2. d4 {[%emt 0:00:24]} exd4 {[%emt 0:00:25]} 3. c3 {[%emt 0:00:54]} dxc3 {[%emt 0:07:23]} 4. Bc4 {[%emt 0:01:17]} Nf6 {[%emt 0:05:36]} 5. Nxc3 {[%emt 0:08:31]} Nc6 {[%emt 0:04:11]} 6. Nf3 {[%emt 0:06:40]} Bb4 {[%emt 0:06:22]} 7. e5 {[%emt 0:27:28]} Bxc3+ {[%emt 0:09:57]} 8. bxc3 {[%emt 0:00:10]} Qe7 {[%emt 0:02:20]} 9. O-O {[%emt 0:12:01]} Ng4 {[%emt 0:07:30]} 10. a4 {[%emt 0:19:44]} Ngxe5 {[%emt 0:05:32]} 11. Nxe5 {[%emt 0:02:23]} Nxe5 {[%emt 0:00:39]} 12. Re1 {[%emt 0:01:55]} O-O {[%emt 0:01:41]} 13. Ba3 {[%emt 0:01:34]} d6 {[%emt 0:01:40]} 14. f4 {[%emt 0:00:57]} Qh4 {[%emt 0:00:47]} 15. g3 {[%emt 0:05:38]} Qg4 {[%emt 0:08:40]} 16. Be2 {[%emt 0:00:28]} Qf5 {[%emt 0:00:53]} 17. fxe5 {[%emt 0:00:27]} Qxe5 {[%emt 0:00:12]} 18. Qd2 {[%emt 0:02:38]} Qa5 {[%emt 0:02:50]} 19. Qd4 {[%emt 0:03:05]} f5 {[%emt 0:03:33]} 20. Bc4+ {[%emt 0:00:57]} Kh8 {[%emt 0:00:11]} 21. Re7 {[%emt 0:00:59]} Qb6 {[%emt 0:01:48]} 22. Rae1 {[%emt 0:01:30]} h6 {[%emt 0:04:16]} 23. Kg2 {[%emt 0:00:41]} Qxd4 {[%emt 0:00:28]} 24. cxd4 {[%emt 0:00:01]} c6 {[%emt 0:01:57]} 25. Bxd6 {[%emt 0:00:22]} b6 {[%emt 0:01:59]} 26. Be5 {[%emt 0:00:56]} b5 {[%emt 0:02:28]} 27. Bxg7+ {[%emt 0:00:33]} Kh7 {[%emt 0:00:11]} 28. Bxf8+ {[%emt 0:00:11]} Kg6 {[%emt 0:00:15]} 29. axb5 {[%emt 0:00:47]} cxb5 {[%emt 0:00:27]} 30. Bxb5 {[%emt 0:01:00]} a5 {[%emt 0:00:29]} 31. Be8+ {[%emt 0:00:27]} Kg5 {[%emt 0:00:18]} 32. h4+ {[%emt 0:00:31]} Kg4 {[%emt 0:00:10]} 33. Rg7# {[%emt 0:00:11]} 1-0

[Event "DFMMLV 2019"]
[Site "Braunfels"]
[Date "2019.06.22"]
[Round "4.32"]
[White "Landenberger, Anja Kathrin"]
[Black "Meyer, Jessica"]
[Result "1-0"]
[WhiteElo "1781"]
[BlackElo "1344"]
[Annotator "NA"]
[PlyCount "91"]
[EventDate "2019.06.20"]
[EventType "team-tourn"]
[EventCountry "GER"]
[SourceTitle "playchess.com"]
[Source "ChessBase"]
[SourceQuality "1"]
[WhiteTeam "Baden"]
[BlackTeam "Thueringen"]
[TimeControl "40/5400+30:1800+30"]

1. d4 Nf6 {[%emt 0:00:37]} 2. Nf3 {[%emt 0:01:01]} e6 {[%emt 0:00:30]} 3. Bf4 {[%emt 0:00:13]} b6 {[%emt 0:01:00]} 4. h3 {[%emt 0:01:15]} Bb7 {[%emt 0:00:45]} 5. e3 {[%emt 0:00:25]} Be7 {[%emt 0:00:41]} 6. Bd3 {[%emt 0:03:00]} O-O {[%emt 0:01:08]} 7. O-O {[%emt 0:00:16]} c5 {[%emt 0:02:28]} 8. c3 {[%emt 0:00:12]} d6 {[%emt 0:05:01]} 9. Bc2 {[%emt 0:09:42]} Be4 {[%emt 0:11:52]} 10. Nbd2 {[%emt 0:07:49]} Bxc2 {[%emt 0:03:39]} 11. Qxc2 {[%emt 0:00:41]} Nbd7 {[%emt 0:05:07]} 12. a4 {[%emt 0:30:02]} Rc8 {[%emt 0:03:49]} 13. Rfd1 {[%emt 0:02:26]} cxd4 {[%emt 0:03:01]} 14. exd4 {[%emt 0:00:48]} Nd5 {[%emt 0:05:35]} 15. Bh2 {[%emt 0:00:48]} N7f6 {[%emt 0:03:35]} 16. Qd3 {[%emt 0:09:07]} Qc7 {[%emt 0:05:53]} 17. Qa6 {[%emt 0:06:45]} Ra8 {[%emt 0:05:00]} 18. Rdb1 {[%emt 0:02:23]} Qc8 {[%emt 0:01:57]} 19. Qe2 {[%emt 0:01:09]} Qc6 {[%emt 0:01:53]} 20. Ng5 {[%emt 0:06:05]} Qd7 {[%emt 0:03:21]} 21. Re1 {[%emt 0:02:25]} h6 {[%emt 0:02:48]} 22. Nge4 {[%emt 0:00:43]} Nxe4 {[%emt 0:02:26]} 23. Nxe4 {[%emt 0:01:10]} Nf6 {[%emt 0:01:38]} 24. f4 {[%emt 0:02:54]} Rfe8 {[%emt 0:06:46]} 25. g4 {[%emt 0:06:12]} Nxe4 {[%emt 0:03:42]} 26. Qxe4 {[%emt 0:00:09]} Bf6 {[%emt 0:02:33]} 27. Qf3 {[%emt 0:01:21]} Rac8 {[%emt 0:06:49]} 28. Re2 {[%emt 0:01:34]} Bh4 {[%emt 0:01:34]} 29. Bg3 {[%emt 0:00:50]} Bxg3 {[%emt 0:01:16]} 30. Qxg3 {[%emt 0:00:02]} Qd8 {[%emt 0:02:11]} 31. Rg2 {[%emt 0:02:21]} g5 {[%emt 0:00:52]} 32. fxg5 {[%emt 0:00:41]} hxg5 {[%emt 0:00:02]} 33. Qf3 {[%emt 0:00:26]} Kg7 {[%emt 0:00:53]} 34. Rf1 {[%emt 0:00:06]} Qe7 {[%emt 0:01:02]} 35. Rgf2 {[%emt 0:00:30]} Rf8 {[%emt 0:00:46]} 36. h4 {[%emt 0:01:18]} f6 {[%emt 0:01:27]} 37. h5 {[%emt 0:00:41]} Rf7 {[%emt 0:01:22]} 38. Qd3 {[%emt 0:00:05]} Rg8 {[%emt 0:02:15]} 39. Qg6+ {[%emt 0:00:21]} Kf8 {[%emt 0:00:29]} 40. Qh6+ {[%emt 0:00:05]} Ke8 {[%emt 0:01:15]} 41. Rxf6 {[%emt 0:02:29]} Rh7 {[%emt 0:01:42]} 42. Rf8+ {[%emt 0:07:42]} Kd7 {[%emt 0:07:35]} 43. Qxh7 {[%emt 0:08:41]} Rxf8 {[%emt 0:02:56]} 44. Qxe7+ {[%emt 0:00:48]} Kxe7 {[%emt 0:00:39]} 45. Rxf8 {[%emt 0:00:47]} Kxf8 {[%emt 0:00:37]} 46. Kf2 {[%emt 0:00:39]} 1-0

[Event "DFMMLV 2019"]
[Site "Braunfels"]
[Date "2019.06.22"]
[Round "4.32"]
[White "Johe, Hildegard"]
[Black "Meyer, Jessica"]
[Result "*"]
[WhiteElo "1353"]
[BlackElo "1344"]
[Annotator "NA"]
[PlyCount "37"]
[EventDate "2019.06.20"]
[EventType "team-tourn"]
[EventCountry "GER"]
[SourceTitle "playchess.com"]
[Source "ChessBase"]
[SourceQuality "1"]
[WhiteTeam "Baden"]
[BlackTeam "Thueringen"]
[TimeControl "40/5400+30:1800+30"]

1. d4 Nf6 {[%emt 0:00:37]} 2. Nf3 {[%emt 0:01:01]} e6 {[%emt 0:00:30]} 3. Bf4 {[%emt 0:00:13]} b6 {[%emt 0:01:00]} 4. h3 {[%emt 0:01:15]} Bb7 {[%emt 0:00:45]} 5. e3 {[%emt 0:00:25]} Be7 {[%emt 0:00:41]} 6. Bd3 {[%emt 0:03:00]} O-O {[%emt 0:01:08]} 7. O-O {[%emt 0:00:16]} c5 {[%emt 0:02:28]} 8. c3 {[%emt 0:00:12]} d6 {[%emt 0:05:01]} 9. Bc2 {[%emt 0:09:42]} Be4 {[%emt 0:11:52]} 10. Nbd2 {[%emt 0:07:49]} Bxc2 {[%emt 0:03:39]} 11. Qxc2 {[%emt 0:00:41]} Nbd7 {[%emt 0:05:07]} 12. a4 {[%emt 0:30:02]} Rc8 {[%emt 0:03:49]} 13. Rfd1 {[%emt 0:02:26]} cxd4 {[%emt 0:03:01]} 14. exd4 {[%emt 0:00:48]} Nd5 {[%emt 0:05:35]} 15. Bh2 {[%emt 0:00:48]} N7f6 {[%emt 0:03:35]} 16. Qd3 {[%emt 0:09:07]} Qc7 {[%emt 0:05:53]} 17. Qa6 {[%emt 0:06:45]} Ra8 {[%emt 0:05:00]} 18. Rdb1 {[%emt 0:02:23]} Qc8 {[%emt 0:01:57]} 19. Qe2 {[%emt 0:01:09]} *

[Event "DFMMLV 2019"]
[Site "Braunfels"]
[Date "2019.06.22"]
[Round "4.33"]
[White "Krasnopeyeva, Julia"]
[Black "Froehlich, Franziska"]
[Result "0-1"]
[WhiteElo "1922"]
[BlackElo "1820"]
[Annotator "NA"]
[PlyCount "50"]
[EventDate "2019.06.20"]
[EventType "team-tourn"]
[EventCountry "GER"]
[SourceTitle "playchess.com"]
[Source "ChessBase"]
[SourceQuality "1"]
[WhiteTeam "Rheinland Pfalz"]
[BlackTeam "Wuerttemberg 2"]
[TimeControl "40/5400+30:1800+30"]

1. e4 {[%emt 0:00:00]} e6 {[%emt 0:00:00]} 2. d4 {[%emt 0:00:00]} d5 {[%emt 0:00:00]} 3. Nc3 {[%emt 0:00:00]} Bb4 {[%emt 0:00:00]} 4. e5 {[%emt 0:00:00]} c5 {[%emt 0:00:00]} 5. a3 {[%emt 0:00:02]} Bxc3+ {[%emt 0:00:00]} 6. bxc3 {[%emt 0:00:07]} Ne7 {[%emt 0:00:00]} 7. Nf3 {[%emt 0:00:17]} h6 {[%emt 0:00:00]} 8. h4 {[%emt 0:00:19]} b6 {[%emt 0:03:25]} 9. Bb5+ {[%emt 0:01:45]} Bd7 {[%emt 0:00:07]} 10. Bd3 {[%emt 0:00:10]} Ba4 {[%emt 0:00:20]} 11. h5 {[%emt 0:01:19]} Qc7 {[%emt 0:03:44]} 12. O-O {[%emt 0:01:34]} c4 {[%emt 0:05:24]} 13. Be2 {[%emt 0:00:45]} Nd7 {[%emt 0:00:28]} 14. Re1 {[%emt 0:05:57]} O-O-O {[%emt 0:00:25]} 15. Nh2 {[%emt 0:01:34]} Rdg8 {[%emt 0:08:19]} 16. Bg4 {[%emt 0:01:32]} g6 {[%emt 0:05:57]} 17. Ra2 {[%emt 0:01:16]} Nf5 {[%emt 0:02:23]} 18. Bf4 {[%emt 0:09:08]} Nf6 {[%emt 0:06:32]} 19. hxg6 {[%emt 0:19:57]} Nxg4 {[%emt 0:02:54]} 20. Nxg4 {[%emt 0:01:59]} Rxg6 {[%emt 0:00:27]} 21. Nf6 {[%emt 0:00:54]} Rxf6 {[%emt 0:01:39]} 22. exf6 {[%emt 0:00:29]} Qxf4 {[%emt 0:00:06]} 23. Qe2 {[%emt 0:00:24]} Rg8 {[%emt 0:06:12]} 24. g3 {[%emt 0:02:10]} Nxg3 {[%emt 0:02:41]} 25. fxg3 {[%emt 0:01:08]} Qxg3+ {[%emt 0:01:26] Qd1} 0-1

[Event "DFMMLV 2019"]
[Site "Braunfels"]
[Date "2019.06.22"]
[Round "4.34"]
[White "Yi, Wendy"]
[Black "Braje, Monika"]
[Result "1-0"]
[WhiteElo "1820"]
[BlackElo "1781"]
[Annotator "NA"]
[PlyCount "65"]
[EventDate "2019.06.20"]
[EventType "team-tourn"]
[EventCountry "GER"]
[SourceTitle "playchess.com"]
[Source "ChessBase"]
[SourceQuality "1"]
[WhiteTeam "Wuerttemberg 2"]
[BlackTeam "Rheinland Pfalz"]
[TimeControl "40/5400+30:1800+30"]

1. e4 {[%emt 0:00:00]} d5 {[%emt 0:00:00]} 2. exd5 {[%emt 0:00:00]} Nf6 {[%emt 0:00:00]} 3. Nc3 {[%emt 0:00:15]} Nxd5 {[%emt 0:00:00]} 4. d4 {[%emt 0:02:11]} e6 {[%emt 0:01:02]} 5. Nf3 {[%emt 0:03:42]} Be7 {[%emt 0:00:23]} 6. Bc4 {[%emt 0:05:39]} Nb6 {[%emt 0:00:28]} 7. Bd3 {[%emt 0:02:57]} Bf6 {[%emt 0:03:21]} 8. O-O {[%emt 0:00:47]} Nc6 {[%emt 0:00:19]} 9. Ne2 {[%emt 0:02:01]} Nb4 {[%emt 0:02:45]} 10. Be4 {[%emt 0:02:33]} c6 {[%emt 0:01:07]} 11. Nf4 {[%emt 0:06:51]} O-O {[%emt 0:02:07]} 12. Nh5 {[%emt 0:05:42]} Be7 {[%emt 0:00:47]} 13. Ne5 {[%emt 0:07:36]} f5 {[%emt 0:04:15]} 14. c3 {[%emt 0:09:24]} N4d5 {[%emt 0:02:17]} 15. Bc2 {[%emt 0:01:23]} Nf6 {[%emt 0:00:42]} 16. Re1 {[%emt 0:02:00]} Nbd5 {[%emt 0:04:57]} 17. Bb3 {[%emt 0:05:09]} Nc7 {[%emt 0:06:27]} 18. Nd3 {[%emt 0:03:47]} Kh8 {[%emt 0:05:45]} 19. Nhf4 {[%emt 0:01:33]} Nfd5 {[%emt 0:00:43]} 20. Qh5 {[%emt 0:01:31]} Qe8 {[%emt 0:02:19]} 21. Qe2 {[%emt 0:02:33]} g5 {[%emt 0:14:57]} 22. Nxd5 {[%emt 0:05:49]} cxd5 {[%emt 0:00:43]} 23. Qe5+ {[%emt 0:00:18]} Bf6 {[%emt 0:02:51]} 24. Qxc7 {[%emt 0:00:41]} Qh5 {[%emt 0:01:07]} 25. Qg3 {[%emt 0:03:07]} f4 {[%emt 0:05:15]} 26. Qh3 {[%emt 0:01:51]} Qg6 {[%emt 0:02:13]} 27. Ne5 {[%emt 0:01:21]} Qg7 {[%emt 0:00:20]} 28. Bc2 {[%emt 0:02:49]} Kg8 {[%emt 0:00:10]} 29. Ng4 {[%emt 0:01:01]} Bd8 {[%emt 0:00:45]} 30. Qh6 {[%emt 0:00:30]} Qc7 {[%emt 0:03:05]} 31. b3 {[%emt 0:03:01]} Rf7 {[%emt 0:01:02]} 32. Bb2 {[%emt 0:00:40]} Bd7 {[%emt 0:02:11]} 33. Ne5 1-0

[Event "DFMMLV 2019"]
[Site "Braunfels"]
[Date "2019.06.22"]
[Round "4.35"]
[White "Kalina, Lena"]
[Black "Lederer, Leia"]
[Result "0-1"]
[WhiteElo "1687"]
[BlackElo "1728"]
[Annotator "NA"]
[PlyCount "128"]
[EventDate "2019.06.20"]
[EventType "team-tourn"]
[EventCountry "GER"]
[SourceTitle "playchess.com"]
[Source "ChessBase"]
[SourceQuality "1"]
[WhiteTeam "Rheinland Pfalz"]
[BlackTeam "Wuerttemberg 2"]
[TimeControl "40/5400+30:1800+30"]

1. d4 {[%emt 0:00:00]} Nf6 {[%emt 0:00:00]} 2. c4 {[%emt 0:00:00]} c5 {[%emt 0:00:00]} 3. d5 {[%emt 0:00:26]} b5 {[%emt 0:00:00]} 4. cxb5 {[%emt 0:00:23]} a6 {[%emt 0:00:00]} 5. b6 {[%emt 0:00:29]} Qxb6 {[%emt 0:02:13]} 6. Nc3 {[%emt 0:02:14]} g6 {[%emt 0:01:42]} 7. e4 {[%emt 0:04:00]} d6 {[%emt 0:00:40]} 8. Nf3 {[%emt 0:03:42]} Bg7 {[%emt 0:00:15]} 9. Be2 {[%emt 0:03:08]} Nbd7 {[%emt 0:01:51]} 10. O-O {[%emt 0:05:39]} O-O {[%emt 0:02:01]} 11. a4 {[%emt 0:04:23]} Bb7 {[%emt 0:03:08]} 12. a5 {[%emt 0:05:15]} Qc7 {[%emt 0:01:32]} 13. Nd2 {[%emt 0:04:56]} e6 {[%emt 0:09:11]} 14. Nc4 {[%emt 0:04:41]} Rae8 {[%emt 0:05:10]} 15. dxe6 {[%emt 0:04:21]} Rxe6 {[%emt 0:03:46]} 16. Bf4 {[%emt 0:07:14]} Ne5 {[%emt 0:04:28]} 17. Nxd6 {[%emt 0:08:09]} Rd8 {[%emt 0:04:49]} 18. Ndb5 {[%emt 0:06:49]} axb5 {[%emt 0:00:36]} 19. Nxb5 {[%emt 0:00:54]} Rxd1 {[%emt 0:00:10]} 20. Nxc7 {[%emt 0:00:32]} Rxf1+ {[%emt 0:00:08]} 21. Kxf1 {[%emt 0:01:01]} Re7 {[%emt 0:01:43]} 22. a6 {[%emt 0:01:56]} Bxe4 {[%emt 0:00:30]} 23. Bxe5 {[%emt 0:03:27]} Rxe5 {[%emt 0:00:46]} 24. a7 {[%emt 0:01:09]} Re7 {[%emt 0:02:50]} 25. Nb5 {[%emt 0:05:35]} Ne8 {[%emt 0:04:44]} 26. Bf3 {[%emt 0:03:14]} Bd3+ {[%emt 0:02:18]} 27. Kg1 {[%emt 0:01:41]} Rxa7 {[%emt 0:01:06]} 28. Nxa7 {[%emt 0:00:45]} Bxb2 {[%emt 0:05:55]} 29. Ra2 {[%emt 0:03:09]} Bg7 {[%emt 0:00:38]} 30. Nc6 {[%emt 0:01:15]} Nc7 {[%emt 0:06:50]} 31. Rd2 {[%emt 0:05:43]} Bb5 {[%emt 0:03:38]} 32. Rc2 {[%emt 0:01:06]} Ne6 {[%emt 0:01:38]} 33. Rc1 {[%emt 0:03:54]} Bh6 {[%emt 0:05:16]} 34. Rb1 {[%emt 0:01:13]} Bd3 {[%emt 0:04:26]} 35. Rb8+ {[%emt 0:01:04]} Kg7 {[%emt 0:00:26]} 36. Ne5 {[%emt 0:00:28]} Bf4 {[%emt 0:01:21]} 37. Rb3 {[%emt 0:01:06]} c4 {[%emt 0:11:12]} 38. Rb5 {[%emt 0:01:37]} Bxe5 {[%emt 0:06:55]} 39. Rxe5 {[%emt 0:00:29]} c3 {[%emt 0:00:06]} 40. Re1 {[%emt 0:01:49]} Nd4 {[%emt 0:01:30]} 41. Bd1 {[%emt 0:13:40]} c2 {[%emt 0:00:07]} 42. Bxc2 {[%emt 0:00:59]} Bxc2 {[%emt 0:00:33]} 43. f3 {[%emt 0:01:30]} h5 {[%emt 0:01:08]} 44. Kf2 {[%emt 0:00:56]} Bf5 {[%emt 0:03:59]} 45. Rd1 {[%emt 0:01:25]} Ne6 {[%emt 0:00:31]} 46. h4 {[%emt 0:01:44]} Nf4 {[%emt 0:03:52]} 47. g3 {[%emt 0:01:04]} Nd3+ {[%emt 0:01:18]} 48. Ke3 {[%emt 0:01:07]} Ne5 {[%emt 0:00:23]} 49. Rc1 {[%emt 0:01:51]} Be6 {[%emt 0:03:41]} 50. Rc5 {[%emt 0:03:30]} Nc4+ {[%emt 0:00:13]} 51. Kd3 {[%emt 0:00:56]} Nd6 {[%emt 0:00:32]} 52. f4 {[%emt 0:00:58]} Nf5 {[%emt 0:00:14]} 53. Rc1 {[%emt 0:01:38]} Nxg3 {[%emt 0:00:11]} 54. Rg1 {[%emt 0:01:03]} Nf5 {[%emt 0:00:34]} 55. Rh1 {[%emt 0:00:33]} Bd5 {[%emt 0:00:05]} 56. Rh2 {[%emt 0:00:13]} Bf3 {[%emt 0:00:44]} 57. Kd2 {[%emt 0:02:11]} Kf6 {[%emt 0:00:47]} 58. Rh3 {[%emt 0:00:40]} Bg4 {[%emt 0:00:15]} 59. Rh2 {[%emt 0:00:06]} Ke6 {[%emt 0:00:08]} 60. Kd3 {[%emt 0:00:38]} Kd5 {[%emt 0:00:19]} 61. Rh1 {[%emt 0:01:33]} Ng3 {[%emt 0:02:19]} 62. Ra1 {[%emt 0:01:52]} Ne2 {[%emt 0:02:48]} 63. Ke3 {[%emt 0:01:19]} Ng3 {[%emt 0:00:31]} 64. Kd3 {[%emt 0:00:48]} Bf3 {[%emt 0:02:14]} 0-1

[Event "DFMMLV 2019"]
[Site "Braunfels"]
[Date "2019.06.22"]
[Round "4.36"]
[White "Roesler, Hannah Clara Hed"]
[Black "Lerch, Cornelia"]
[Result "1-0"]
[WhiteElo "1638"]
[BlackElo "1861"]
[Annotator "NA"]
[PlyCount "33"]
[EventDate "2019.06.20"]
[EventType "team-tourn"]
[EventCountry "GER"]
[SourceTitle "playchess.com"]
[Source "ChessBase"]
[SourceQuality "1"]
[WhiteTeam "Wuerttemberg 2"]
[BlackTeam "Rheinland Pfalz"]
[TimeControl "40/5400+30:1800+30"]

1. e4 {[%emt 0:00:00]} e5 {[%emt 0:00:00]} 2. Nf3 {[%emt 0:02:50]} Nc6 {[%emt 0:00:13]} 3. Bc4 {[%emt 0:00:15]} Bc5 {[%emt 0:00:07]} 4. b4 {[%emt 0:00:07]} Bxb4 {[%emt 0:03:51]} 5. c3 {[%emt 0:00:08]} Ba5 {[%emt 0:00:32]} 6. d4 {[%emt 0:00:06]} exd4 {[%emt 0:00:36]} 7. O-O {[%emt 0:00:08]} Bxc3 {[%emt 0:11:34]} 8. Nxc3 {[%emt 0:03:52]} dxc3 {[%emt 0:01:24]} 9. Qb3 {[%emt 0:11:29]} Qf6 {[%emt 0:01:15]} 10. e5 {[%emt 0:08:37]} Qg6 {[%emt 0:00:39]} 11. Qxc3 {[%emt 0:20:22]} Nge7 {[%emt 0:05:02]} 12. Ng5 {[%emt 0:08:34]} Nd8 {[%emt 0:06:16]} 13. Bd3 {[%emt 0:04:45]} Qc6 {[%emt 0:02:13]} 14. Qb3 {[%emt 0:05:31]} h6 {[%emt 0:01:11]} 15. Nf3 {[%emt 0:01:03]} Ne6 {[%emt 0:01:42]} 16. Be3 {[%emt 0:04:03]} d5 {[%emt 0:09:00]} 17. Bb5 {[%emt 0:03:12]} 1-0

[Event "DFMMLV 2019"]
[Site "Braunfels"]
[Date "2019.06.22"]
[Round "4.37"]
[White "Marx, Christina"]
[Black "Hoeglauer, Jenny"]
[Result "1/2-1/2"]
[WhiteElo "1605"]
[BlackElo "1703"]
[Annotator "NA"]
[PlyCount "54"]
[EventDate "2019.06.20"]
[EventType "team-tourn"]
[EventCountry "GER"]
[SourceTitle "playchess.com"]
[Source "ChessBase"]
[SourceQuality "1"]
[WhiteTeam "Rheinland Pfalz"]
[BlackTeam "Wuerttemberg 2"]
[TimeControl "40/5400+30:1800+30"]

1. e4 {[%emt 0:00:00]} c5 {[%emt 0:00:00]} 2. Nf3 {[%emt 0:00:00]} a6 {[%emt 0:00:00]} 3. c3 {[%emt 0:00:00]} e6 {[%emt 0:00:16]} 4. d4 {[%emt 0:00:10]} cxd4 {[%emt 0:02:22]} 5. cxd4 {[%emt 0:00:17]} Nf6 {[%emt 0:00:14]} 6. Nc3 {[%emt 0:01:03]} Bb4 {[%emt 0:01:04]} 7. Bd3 {[%emt 0:01:04]} b5 {[%emt 0:01:10]} 8. O-O {[%emt 0:00:57]} Bb7 {[%emt 0:02:49]} 9. Bg5 {[%emt 0:03:57]} h6 {[%emt 0:02:23]} 10. Bh4 {[%emt 0:04:05]} g5 {[%emt 0:08:21]} 11. Bg3 {[%emt 0:11:33]} Bxc3 {[%emt 0:00:28]} 12. bxc3 {[%emt 0:00:06]} Bxe4 {[%emt 0:00:48]} 13. Ne5 {[%emt 0:21:08]} Bd5 {[%emt 0:10:55]} 14. c4 {[%emt 0:03:01]} bxc4 {[%emt 0:02:17]} 15. Nxc4 {[%emt 0:00:07]} Bxc4 {[%emt 0:06:32]} 16. Bxc4 {[%emt 0:01:54]} d5 {[%emt 0:01:36]} 17. Bb3 {[%emt 0:08:47]} Ne4 {[%emt 0:04:49]} 18. Be5 {[%emt 0:09:08]} f6 {[%emt 0:05:04]} 19. Qg4 {[%emt 0:08:13]} Ke7 {[%emt 0:06:48]} 20. Rfe1 {[%emt 0:03:40]} Qd7 {[%emt 0:18:54]} 21. Bxb8 {[%emt 0:04:34]} Raxb8 {[%emt 0:00:14]} 22. Rac1 {[%emt 0:01:50]} f5 {[%emt 0:02:43]} 23. Qe2 {[%emt 0:00:04]} Qb5 {[%emt 0:04:05]} 24. f3 {[%emt 0:01:01]} Qxe2 {[%emt 0:00:52]} 25. Rxe2 {[%emt 0:00:03]} Nf6 {[%emt 0:00:06]} 26. Rce1 {[%emt 0:00:13]} Rb6 {[%emt 0:00:27]} 27. Re5 {[%emt 0:00:47]} Kf7 1/2-1/2